| 000 | 01073naa a22003017u 4500 | ||
|---|---|---|---|
| 001 | 08222 | ||
| 003 | HDC | ||
| 007 | cr bn ---aaaaa | ||
| 008 | 210130s2008 flu eng | ||
| 040 | _aHDC | ||
| 100 |
_aÖtles, Semih, _eauthor _98739 |
||
| 245 | 0 |
_aFood Colorants: Chemical and Functional Properties : _bCarotenoids as Natural Colorants / _cby Semih Ötles and Özlem Çagindi |
|
| 260 |
_aBoca Raton : _bTaylor & Francis, _c2008 |
||
| 300 | _a20 pages | ||
| 336 |
_atext _2rdacontent |
||
| 337 |
_acomputer _2rdamedia |
||
| 338 |
_aonline resource _2rdacarrier |
||
| 500 | _aOriginal from book | ||
| 650 |
_aColor of food _98728 |
||
| 650 |
_aColoring matter in food _98184 |
||
| 650 |
_aColoring matter _98730 |
||
| 650 |
_aFood additives _xSpecifications _98729 |
||
| 650 |
_aFood Coloring Agents _xchemistry _98731 |
||
| 856 | _zRequest full-text at [email protected] | ||
| 942 | _2lcc | ||
| 942 | _cCHAP | ||
| 942 | _kEBCH 004823 | ||
| 999 |
_c5545 _d5545 |
||